| 000 | 00784nam a2200205 a 4500 | ||
|---|---|---|---|
| 003 | 0 | ||
| 005 | 20250310162530.0 | ||
| 008 | 080827s19uu xx 00 eng d | ||
| 050 |
_aPGS QR 82.A48 _b.J54 2008 |
||
| 100 | _aJeong, Chae Young C. | ||
| 245 |
_aThe effect of Psidium guajava on Staphylococcus aureus / _cChae Young C. Jeong. |
||
| 260 |
_aLas PiƱas City, Philippines : _bSouthville International School and Colleges, _c2008. |
||
| 300 |
_a28 pages : _b illustrations ; _c28 cm. |
||
| 504 | _aIncludes bibliographical references. | ||
| 650 |
_aPsidium guajava _vAntimicrobial properties. |
||
| 650 |
_aPlant extracts _vAntibacterial activity. |
||
| 650 |
_aStaphylococcus aureus _vDrug effects. |
||
| 650 | _aMicrobial sensitivity tests. | ||
| 942 |
_2lcc _cPASS |
||
| 999 |
_c98037 _d98037 |
||